| 000 | 00492nam a2200181Ia 4500 | ||
|---|---|---|---|
| 005 | 20230706143923.0 | ||
| 008 | 210716s1988 xx 000 0 und d | ||
| 020 | _a70315418 | ||
| 040 | _cAIMIT LIBRARY | ||
| 041 | _aeng | ||
| 082 | _a005.133 HUTR | ||
| 100 |
_aHutchison, Robert C;Just, Steven B. _9125779 |
||
| 245 | _aProgramming using the c language. | ||
| 250 | _a1 | ||
| 260 |
_aNew Delhi _bTata McGraw Hill Publishing Company Ltd _c1988 |
||
| 300 | _axxv,529 | ||
| 942 |
_2ddc _cBK |
||
| 999 |
_c181201 _d181201 |
||